Escape from pretoria / directed by Francis Annan ; written by Francis Annan, L. H. Adams ; produce by Mark Blaney, Jackie Sheppard, David Barron, Michelle Krumm, Gary Hamilton (Record no. 20857)

000 -LEADER
fixed length control field 01069nam a22002537a 4500
008 - FIXED-LENGTH DATA ELEMENTS--GENERAL INFORMATION
fixed length control field 250527b xxu||||| |||| 00| 0 eng d
082 ## - DEWEY DECIMAL CLASSIFICATION NUMBER
Classification number 791.4372
Item number E743
245 ## - TITLE STATEMENT
Title Escape from pretoria / directed by Francis Annan ; written by Francis Annan, L. H. Adams ; produce by Mark Blaney, Jackie Sheppard, David Barron, Michelle Krumm, Gary Hamilton
260 ## - PUBLICATION, DISTRIBUTION, ETC. (IMPRINT)
Place of publication, distribution, etc Australia
-- United Kingdom ;
Name of publisher, distributor, etc Signature Entertainment ,
Date of publication, distribution, etc 2020.
300 ## - PHYSICAL DESCRIPTION
Extent 1 videofile, (ca. 106 min.) ;
520 ## - SUMMARY, ETC.
Summary, etc Two white South Africans, imprisoned for working covert operations for Nelson Mandela's African National Congress, are determined to send the apartheid regime a message and escape from the notorious Pretoria Prison.
650 ## - SUBJECT ADDED ENTRY--TOPICAL TERM
Topical term or geographic name as entry element Action
650 ## - SUBJECT ADDED ENTRY--TOPICAL TERM
Topical term or geographic name as entry element Biography
650 ## - SUBJECT ADDED ENTRY--TOPICAL TERM
Topical term or geographic name as entry element Crime
650 ## - SUBJECT ADDED ENTRY--TOPICAL TERM
Topical term or geographic name as entry element Mystery
650 ## - SUBJECT ADDED ENTRY--TOPICAL TERM
Topical term or geographic name as entry element Thriller
700 ## - ADDED ENTRY--PERSONAL NAME
Personal name Radcliffe, Daniel star.
700 ## - ADDED ENTRY--PERSONAL NAME
Personal name Webber, Daniel star.
700 ## - ADDED ENTRY--PERSONAL NAME
Personal name Hart, Ian star.
700 ## - ADDED ENTRY--PERSONAL NAME
Personal name Winter, Mark Leonard star.
700 ## - ADDED ENTRY--PERSONAL NAME
Personal name Fenton, Nick editor.
700 ## - ADDED ENTRY--PERSONAL NAME
Personal name Hall, Geoffrey cinematography.
942 ## - ADDED ENTRY ELEMENTS (KOHA)
Source of classification or shelving scheme
Item type Audio-Visual Materials
Holdings
Price effective from Permanent location Date last seen Not for loan Date acquired Source of classification or shelving scheme Koha item type Damaged status Lost status Withdrawn status Current location Full call number
2025-05-27Cagayan State University - Carig Library2025-05-27 2025-05-27 Audio-Visual Materials   Cagayan State University - Carig Library791.4372 E743

Cagayan State University University Library, Carig Campus
Tuguegarao City, Cagayan 3500 | www.csucarig.edu.ph

Powered by Koha